[Event "Junior Online 4NCL Division 4"]
[Site "online"]
[Date "2020.04.23"]
[Round "2.21"]
[White "McAndrew, Rory"]
[Black "Ajili, Nour"]
[Result "0-1"]
[WhiteElo "1397"]
[BlackElo "1547"]
[PlyCount "60"]
[EventDate "2020.04.23"]
[WhiteTeam "Ojays E"]
[BlackTeam "KJCA Young Kestrels D"]

1. e4 e6 2. d4 d5 3. Nc3 Bb4 4. Bd2 Bxc3 5. Bxc3 dxe4 6. Qg4 Qf6 7. d5 Qg6 8.
Qxg6 hxg6 9. dxe6 Bxe6 10. Bxg7 Rh7 11. Be5 Nd7 12. Bxc7 Rc8 13. Bf4 Rxc2 14.
b3 Ngf6 15. Ne2 Nd5 16. Rd1 Rxa2 17. Bd6 e3 18. fxe3 Nxe3 19. Rc1 Nb6 20. Bc5
Nbd5 21. Nd4 Nf4 22. Bb5+ Kd8 23. Nxe6+ fxe6 24. Rg1 Rxh2 25. Bxe3 Nxg2+ 26.
Kf1 Nxe3+ 27. Ke1 a6 28. Bd3 Rad2 29. Bf1 Kd7 30. Rc3 Rd1# 0-1

[Event "Junior Online 4NCL Division 4"]
[Site "online"]
[Date "2020.04.23"]
[Round "2.22"]
[White "Mann, Lev"]
[Black "McAndrew, Max"]
[Result "1-0"]
[WhiteElo "1555"]
[BlackElo "1390"]
[PlyCount "134"]
[EventDate "2020.04.23"]
[WhiteTeam "KJCA Young Kestrels D"]
[BlackTeam "Ojays E"]

1. e4 e5 2. Nf3 Nf6 3. Nxe5 d6 4. Nf3 Nxe4 5. d3 Nf6 6. Qe2+ Qe7 7. Bg5 Qxe2+
8. Bxe2 Be7 9. Nc3 O-O 10. O-O Nc6 11. Nb5 Bd8 12. Bxf6 gxf6 13. d4 a6 14. Nc3
Bg4 15. h3 Bh5 16. Rad1 Re8 17. d5 Ne5 18. Rfe1 Nxf3+ 19. Bxf3 Rxe1+ 20. Rxe1
Bxf3 21. Re8+ Kg7 22. gxf3 c6 23. b4 Rb8 24. Kg2 Bc7 25. Re7 Rc8 26. Rd7 Kf8
27. Ne4 f5 28. Nxd6 Bxd6 29. Rxd6 cxd5 30. Rxd5 Rxc2 31. a3 Ra2 32. Ra5 f4 33.
Ra4 Ke7 34. h4 Ke6 35. Kh3 Kf5 36. Ra5+ Ke6 37. Kg4 Rxf2 38. Kxf4 Ra2 39. Ra4
h6 40. Ra5 Kf6 41. Ra4 Rh2 42. Kg3 Rd2 43. Ra5 Rd3 44. Kg4 Kg6 45. Ra4 Rd6 46.
Ra5 b5 47. a4 bxa4 48. Rxa4 Rb6 49. Ra5 Rxb4+ 50. Kg3 Rb6 51. Ra4 f5 52. Ra5
Kf6 53. Kf4 Rb4+ 54. Kg3 Rb6 55. Kf4 Ke6 56. Rxf5 Rb4+ 57. Kg3 Kxf5 58. f4 Rxf4
59. Kh3 a5 60. h5 a4 61. Kg3 a3 62. Kh3 a2 63. Kg3 a1=Q 64. Kg2 Qb2+ 65. Kg3
Qc3+ 66. Kh2 Rf2+ 67. Kg1 Qe1# 1-0

[Event "Junior Online 4NCL Division 4"]
[Site "online"]
[Date "2020.04.23"]
[Round "2.23"]
[White "Deeke, James"]
[Black "Sanka, Amit Aryan"]
[Result "0-1"]
[WhiteElo "1360"]
[BlackElo "1562"]
[PlyCount "93"]
[EventDate "2020.04.23"]
[WhiteTeam "Ojays E"]
[BlackTeam "KJCA Young Kestrels D"]

1. Nf3 d5 2. e3 Bg4 3. c4 c6 4. h3 Bh5 5. Nc3 Nf6 6. cxd5 cxd5 7. Be2 e6 8. Qb3
Bxf3 9. Bxf3 Qd7 10. Be2 Be7 11. Bb5 Nc6 12. O-O O-O 13. d4 a6 14. Bd3 Bb4 15.
Na4 Qc7 16. a3 Bd6 17. Bd2 Rfc8 18. Nb6 Ne4 19. Bxe4 dxe4 20. Nxa8 Rxa8 21.
Rac1 Na5 22. Bxa5 Qxa5 23. Qxb7 Rb8 24. Rc8+ Rxc8 25. Qxc8+ Bf8 26. Qc6 Qd2 27.
Qxa6 Qxb2 28. a4 Qb4 29. Qa8 h6 30. a5 Kh7 31. a6 Bd6 32. a7 Qb6 33. Qxe4+ g6
34. a8=Q Bc7 35. Qf8 Qd6 36. Qxf7+ Kh8 37. Qa8+ Bb8 38. Qe8+ Kg7 39. Qaxb8 Qxb8
40. Qxb8 Kf6 41. Qe5+ Kf7 42. Rb1 g5 43. Rb7+ Kg6 44. Qg7+ Kh5 45. Rb5 e5 46.
g4+ Kh4 47. Qxh6# 0-1

[Event "Junior Online 4NCL Division 4"]
[Site "online"]
[Date "2020.04.23"]
[Round "2.25"]
[White "Ajili, Nour"]
[Black "McAndrew, Rory"]
[Result "1-0"]
[WhiteElo "1547"]
[BlackElo "1397"]
[PlyCount "129"]
[EventDate "2020.04.23"]
[WhiteTeam "KJCA Young Kestrels D"]
[BlackTeam "Ojays E"]

1. d4 d5 2. c4 Nf6 3. Nc3 Bf5 4. Bf4 e6 5. a3 Nc6 6. e3 Bd6 7. Bxd6 Qxd6 8. Nf3
O-O 9. cxd5 exd5 10. Bd3 Bxd3 11. Qxd3 Rad8 12. O-O Ng4 13. h3 Nf6 14. Rfe1
Rfe8 15. Nd2 h6 16. Rad1 Re7 17. Nb3 b6 18. e4 dxe4 19. Nxe4 Nxe4 20. Rxe4 Rxe4
21. Qxe4 a5 22. a4 Na7 23. Kh1 Qb4 24. Rd3 Qxa4 25. Qf4 Nc6 26. Qxc7 b5 27.
Qxc6 Qa2 28. Qc2 a4 29. Nc5 Qd5 30. Qe2 Rd6 31. Qe8+ Kh7 32. Qe4+ Qxe4 33. Nxe4
Re6 34. Nc3 Re1+ 35. Kh2 Rf1 36. Kg3 Rc1 37. Nxb5 Rc8 38. Nd6 Rc6 39. Nxf7 Kg8
40. Ne5 Rc2 41. d5 Rxb2 42. Nc4 Rb5 43. d6 Rb8 44. d7 Rd8 45. Ne5 Kf8 46. Ra3
Ra8 47. Rxa4 Rd8 48. Kf4 Ke7 49. Nc6+ Kd6 50. Nxd8 Kxd7 51. Nf7 Kc6 52. Ra5 Kb6
53. Re5 Kc6 54. Ke4 Kd7 55. Kd5 Kc7 56. Kc5 Kd7 57. Re4 Kc7 58. Re7+ Kc8 59.
Nd6+ Kd8 60. Rxg7 h5 61. Nb7+ Kc8 62. Na5 h4 63. Kd6 Kb8 64. Nc6+ Ka8 65. Ra7#
1-0

[Event "Junior Online 4NCL Division 4"]
[Site "online"]
[Date "2020.04.23"]
[Round "2.26"]
[White "McAndrew, Max"]
[Black "Mann, Lev"]
[Result "0-1"]
[WhiteElo "1390"]
[BlackElo "1555"]
[PlyCount "43"]
[EventDate "2020.04.23"]
[WhiteTeam "Ojays E"]
[BlackTeam "KJCA Young Kestrels D"]

1. e4 e5 2. Nf3 Nc6 3. Bc4 Bc5 4. c3 Nf6 5. d4 exd4 6. cxd4 Bb4+ 7. Bd2 Bxd2+
8. Nbxd2 Qe7 9. O-O Nxe4 10. Nxe4 Qxe4 11. Re1 Qe7 12. Rxe7+ Nxe7 13. Qe2 d6
14. Re1 Be6 15. Bxe6 fxe6 16. Qxe6 Kd8 17. Qxe7+ Kc8 18. Qxg7 Rd8 19. Re7 b6
20. Rxc7+ Kb8 21. Rb7+ Kc8 22. Qc7# 0-1

[Event "Junior Online 4NCL Division 4"]
[Site "online"]
[Date "2020.04.23"]
[Round "2.27"]
[White "Sanka, Amit Aryan"]
[Black "Deeke, James"]
[Result "1/2-1/2"]
[WhiteElo "1562"]
[BlackElo "1360"]
[PlyCount "129"]
[EventDate "2020.04.23"]
[WhiteTeam "KJCA Young Kestrels D"]
[BlackTeam "Ojays E"]

1. e4 e6 2. Nf3 d5 3. exd5 exd5 4. d4 Nc6 5. Be3 Nf6 6. Bb5 Bg4 7. h3 Bd7 8.
Bg5 a6 9. Bxc6 Bxc6 10. Qe2+ Qe7 11. Qxe7+ Bxe7 12. O-O O-O 13. Re1 Bd8 14. Nc3
Ne4 15. Bxd8 Raxd8 16. Ne5 Nxc3 17. Nxc6 bxc6 18. bxc3 h6 19. Rab1 Rfe8 20.
Rxe8+ Rxe8 21. Rb7 Re1+ 22. Kh2 Re2 23. Rxc7 Rxc2 24. Rxc6 Rxa2 25. Rc5 Rxf2
26. Rxd5 Rc2 27. Rc5 a5 28. Rxa5 Rxc3 29. Rd5 Rc8 30. Rc5 Rxc5 31. dxc5 Kf8 32.
Kg3 Ke7 33. Kf4 Ke6 34. g4 Kd5 35. h4 Kxc5 36. g5 hxg5+ 37. hxg5 Kd6 38. Kf5
Ke7 39. Kf4 Ke6 40. Kg4 g6 41. Kf4 f5 42. gxf6 Kxf6 43. Kg4 Kg7 44. Kg5 Kf7 45.
Kg4 Kf6 46. Kf4 g5+ 47. Kg4 Kg6 48. Kg3 Kf6 49. Kg4 Kg6 50. Kg3 Kh5 51. Kh3 g4+
52. Kg3 Kg5 53. Kg2 Kf5 54. Kg3 Kg5 55. Kg2 Kf4 56. Kf2 g3+ 57. Kg2 Kg4 58. Kg1
Kf3 59. Kf1 Kg4 60. Kg2 Kh4 61. Kg1 Kg4 62. Kg2 Kf4 63. Kg1 Kf3 64. Kf1 Kg4 65.
Kg2 1/2-1/2

[Event "Junior Online 4NCL Division 4"]
[Site "online"]
[Date "2020.04.23"]
[Round "2.32"]
[White "Mahajan, Arooj"]
[Black "Krasnov, Maksim"]
[Result "1-0"]
[WhiteElo "1300"]
[BlackElo "1247"]
[PlyCount "67"]
[EventDate "2020.04.23"]
[WhiteTeam "Leicestershire Juniors 2"]
[BlackTeam "Robin Hoods 3"]

1. e4 e5 2. Nf3 Nc6 3. Nc3 Nf6 4. Bc4 Bc5 5. d3 d6 6. h3 Be6 7. Bg5 Bxc4 8.
dxc4 h6 9. Bh4 g5 10. Bg3 Qd7 11. Nd5 Nxd5 12. cxd5 Nd4 13. Nxd4 Bxd4 14. Qd3
g4 15. hxg4 Qxg4 16. Rh4 Qg5 17. f3 Qxg3+ 18. Kd2 Qf2+ 19. Kc1 Be3+ 20. Kd1
Qf1+ 21. Qxf1 Rg8 22. g4 f5 23. exf5 Ke7 24. Ke2 Bd4 25. Re1 a5 26. Rxh6 a4 27.
Kd1 a3 28. bxa3 Rxa3 29. f6+ Kf7 30. Qc4 Rc3 31. Qa4 Rxf3 32. Rg1 Bxg1 33. Qd7+
Kf8 34. Qe7# 1-0

[Event "Junior Online 4NCL Division 4"]
[Site "online"]
[Date "2020.04.23"]
[Round "2.33"]
[White "Babu, Rohan"]
[Black "Eradi, Madhav"]
[Result "1-0"]
[WhiteElo "1255"]
[BlackElo "1225"]
[PlyCount "57"]
[EventDate "2020.04.23"]
[WhiteTeam "Robin Hoods 3"]
[BlackTeam "Leicestershire Juniors 2"]

1. e4 e5 2. Nf3 Nc6 3. Bc4 Bc5 4. Nc3 Nf6 5. O-O O-O 6. d3 d6 7. Bg5 Bg4 8. h3
h6 9. hxg4 hxg5 10. Nxg5 Nd4 11. Ne2 Nxg4 12. Nh3 Re8 13. Nxd4 Nxf2 14. Nxf2
Bxd4 15. c3 Bb6 16. d4 exd4 17. cxd4 Qh4 18. Qf3 Qf6 19. Qxf6 gxf6 20. Rad1 c5
21. dxc5 Bxc5 22. a3 Rxe4 23. Bd3 Rh4 24. g3 Rg4 25. Kg2 Rg5 26. Ne4 Rg7 27.
Nxf6+ Kh8 28. Rh1+ Rh7 29. Rxh7# 1-0

[Event "Junior Online 4NCL Division 4"]
[Site "online"]
[Date "2020.04.23"]
[Round "2.34"]
[White "Masood, Rameen"]
[Black "Pannu, Aaron"]
[Result "0-1"]
[WhiteElo "1097"]
[BlackElo "1240"]
[PlyCount "114"]
[EventDate "2020.04.23"]
[WhiteTeam "Leicestershire Juniors 2"]
[BlackTeam "Robin Hoods 3"]

1. e4 d5 2. f3 Nf6 3. Qe2 dxe4 4. fxe4 Nbd7 5. e5 Nd5 6. e6 fxe6 7. Qxe6 Nc5 8.
Qe5 Bg4 9. d4 Ne6 10. Bc4 c6 11. Nf3 Qd6 12. Qf5 Bxf5 13. Bb3 Nef4 14. g3 Ng2+
15. Kf1 Nge3+ 16. Kf2 Ng4+ 17. Kg2 Nde3+ 18. Bxe3 Nxe3+ 19. Kf2 Qxd4 20. Nxd4
Ng4+ 21. Kf3 Ne5+ 22. Ke3 e6 23. Rf1 Ng4+ 24. Ke2 Be4 25. Rf4 Nf6 26. Nxe6 Nd5
27. Bxd5 Bxd5 28. Nc3 Bxe6 29. Rd1 Bb4 30. Rdf1 Bxc3 31. bxc3 Bc4+ 32. Ke3 Bxf1
33. Rxf1 Rf8 34. Rxf8+ Kxf8 35. g4 Re8+ 36. Kf3 Kf7 37. h3 Re5 38. h4 Kf6 39.
g5+ Ke6 40. Kg4 Re4+ 41. Kg3 Kf5 42. a3 Rf4 43. a4 Ke4 44. c4 Ke3 45. h5 Rf3+
46. Kg4 Ke4 47. g6 hxg6 48. hxg6 Rf5 49. c5 a5 50. c3 Ke5 51. c4 Ke4 52. Kg3
Rf4 53. Kg2 Rf3 54. Kh2 Kf4 55. Kg2 Kg4 56. Kg1 Kg3 57. Kh1 Rf1# 0-1

[Event "Junior Online 4NCL Division 4"]
[Site "online"]
[Date "2020.04.23"]
[Round "2.36"]
[White "Krasnov, Maksim"]
[Black "Mahajan, Arooj"]
[Result "1-0"]
[WhiteElo "1247"]
[BlackElo "1300"]
[PlyCount "99"]
[EventDate "2020.04.23"]
[WhiteTeam "Robin Hoods 3"]
[BlackTeam "Leicestershire Juniors 2"]

1. e4 e5 2. Nf3 Nc6 3. Bc4 Bc5 4. Nc3 Nf6 5. d3 h6 6. Be3 d6 7. Nd5 Bg4 8. h3
Bh5 9. g4 Bg6 10. c3 Nxd5 11. Bxd5 Bxe3 12. Bxc6+ bxc6 13. fxe3 d5 14. Nxe5
dxe4 15. dxe4 Qxd1+ 16. Rxd1 Bxe4 17. Rf1 O-O 18. Rf4 Bd5 19. e4 Bxa2 20. Nxc6
Bb3 21. Rd7 Ba4 22. Rxc7 Bxc6 23. Rxc6 Rab8 24. b4 Rfd8 25. Ke2 Rbc8 26. Rxc8
Rxc8 27. Kd3 Kf8 28. Kd4 Rd8+ 29. Kc4 Rc8+ 30. Kb3 Rb8 31. c4 a5 32. c5 Rxb4+
33. Ka3 Ke7 34. c6 Kd6 35. Rxf7 Kxc6 36. Rxg7 Kb5 37. Rb7+ Ka6 38. Rxb4 axb4+
39. Kxb4 Kb7 40. e5 Kc7 41. Kc5 Kd7 42. Kd5 Ke7 43. e6 Ke8 44. Kd6 Kd8 45. e7+
Ke8 46. h4 h5 47. gxh5 Kf7 48. Kd7 Kg7 49. e8=Q Kh6 50. Qg6# 1-0

[Event "Junior Online 4NCL Division 4"]
[Site "online"]
[Date "2020.04.23"]
[Round "2.37"]
[White "Eradi, Madhav"]
[Black "Babu, Rohan"]
[Result "1-0"]
[WhiteElo "1225"]
[BlackElo "1255"]
[PlyCount "47"]
[EventDate "2020.04.23"]
[WhiteTeam "Leicestershire Juniors 2"]
[BlackTeam "Robin Hoods 3"]

1. e4 e5 2. Nf3 Nc6 3. Bc4 Nf6 4. Ng5 d5 5. exd5 Na5 6. Bb5+ c6 7. dxc6 bxc6 8.
Ba4 Ng4 9. d3 Be7 10. h3 Nxf2 11. Nxf7 Kxf7 12. Kxf2 Qd4+ 13. Ke1 Qxa4 14. Rf1+
Ke8 15. Qh5+ g6 16. Qxe5 Qh4+ 17. g3 Qxh3 18. Qxh8+ Bf8 19. Qxf8+ Kd7 20. Rf7+
Ke6 21. Qe8+ Kd6 22. Qe7+ Kd5 23. Nc3+ Kd4 24. Be3# 1-0

[Event "Junior Online 4NCL Division 4"]
[Site "online"]
[Date "2020.04.23"]
[Round "2.38"]
[White "Pannu, Aaron"]
[Black "Masood, Rameen"]
[Result "1-0"]
[WhiteElo "1240"]
[BlackElo "1097"]
[PlyCount "163"]
[EventDate "2020.04.23"]
[WhiteTeam "Robin Hoods 3"]
[BlackTeam "Leicestershire Juniors 2"]

1. e4 e6 2. Nf3 Nf6 3. Nc3 d5 4. e5 Nfd7 5. d4 Bb4 6. Bg5 f6 7. exf6 gxf6 8.
Bf4 Nc6 9. a3 Bxc3+ 10. bxc3 e5 11. dxe5 fxe5 12. Bg5 Nf6 13. Bb5 a6 14. Bxc6+
bxc6 15. Nxe5 Qd6 16. Bxf6 Qxf6 17. Qh5+ Ke7 18. Qe2 Rg8 19. Ng4+ Kf7 20. Nxf6
Kxf6 21. Qf3+ Ke7 22. O-O Bg4 23. Rfe1+ Kd6 24. Qg3+ Kd7 25. Re3 Raf8 26. Rae1
Rf7 27. Qe5 Rgg7 28. h3 Bf5 29. Qe8+ Kd6 30. Re7 Rxe7 31. Qd8+ Rd7 32. Qf6+ Kc5
33. Qxf5 Rgf7 34. Qf3 Rxf3 35. gxf3 Rf7 36. Re3 Kc4 37. Kg2 d4 38. cxd4 Kxd4
39. Rd3+ Kc4 40. Kg3 h5 41. Kh4 Rf5 42. Re3 c5 43. Re4+ Kc3 44. f4 Kxc2 45. Re5
Rxf4+ 46. Kxh5 Rc4 47. Re2+ Kb3 48. f3 Kxa3 49. Re4 a5 50. Rxc4 a4 51. f4 Kb3
52. Rc1 a3 53. Ra1 Kb2 54. Rh1 a2 55. f5 c4 56. f6 c3 57. f7 a1=Q 58. Rxa1 Kxa1
59. f8=Q c2 60. Qf1+ Kb2 61. Qb5+ Kc3 62. Qc5+ Kb2 63. Qxc7 c1=Q 64. Qxc1+ Kxc1
65. Kg5 Kc2 66. h4 Kd3 67. h5 Ke4 68. h6 Ke5 69. h7 Kd5 70. h8=Q Ke4 71. Qf6
Kd5 72. Kf5 Kc5 73. Ke5 Kc4 74. Qf5 Kc5 75. Ke6+ Kc4 76. Qe5 Kb4 77. Qd5 Kc3
78. Ke5 Kb4 79. Kd4 Ka4 80. Qb7 Ka3 81. Kc4 Ka4 82. Qb4# 1-0

[Event "Junior Online 4NCL Division 4"]
[Site "online"]
[Date "2020.04.23"]
[Round "2.41"]
[White "Gauri, Dhairye"]
[Black "Walker, Daniel"]
[Result "0-1"]
[WhiteElo "1435"]
[BlackElo "1382"]
[PlyCount "88"]
[EventDate "2020.04.23"]
[WhiteTeam "Uxbridge Juniors A"]
[BlackTeam "Robin Hoods 2"]

1. e4 e6 2. d4 d5 3. exd5 exd5 4. Nd2 Nf6 5. Ndf3 c6 6. Bg5 Bd6 7. Ne2 Qe7 8.
Bxf6 Qxf6 9. Ng3 Bg4 10. Be2 Nd7 11. h3 Be6 12. Nh5 Qg6 13. Nh4 Qh6 14. Bg4 g6
15. Bxe6 fxe6 16. Qg4 gxh5 17. Qe2 O-O-O 18. O-O Rhg8 19. Nf3 Rdf8 20. Ne5 Qg5
21. g3 Nxe5 22. dxe5 Qxe5 23. Qd3 h4 24. Rae1 Qf5 25. Qe2 hxg3 26. fxg3 Rxg3+
27. Kh1 Rxh3+ 28. Kg1 Rg8+ 29. Qg2 Rxg2+ 30. Kxg2 Qg4+ 31. Kf2 Rf3+ 32. Ke2
Qg2+ 33. Kd1 Rxf1 34. Rxf1 Qxf1+ 35. Kd2 Bf4+ 36. Kc3 Qf3+ 37. Kb4 Bd2+ 38. c3
Qe4+ 39. Kb3 a5 40. a4 b5 41. axb5 a4+ 42. Ka3 cxb5 43. b4 Qb1 44. c4 Qb3# 0-1

[Event "Junior Online 4NCL Division 4"]
[Site "online"]
[Date "2020.04.23"]
[Round "2.42"]
[White "Wood, Ethan"]
[Black "Knight, Samuel"]
[Result "0-1"]
[WhiteElo "1352"]
[BlackElo "1382"]
[PlyCount "70"]
[EventDate "2020.04.23"]
[WhiteTeam "Robin Hoods 2"]
[BlackTeam "Uxbridge Juniors A"]

1. e4 e6 2. d4 d5 3. e5 c5 4. c3 c4 5. Nf3 Bd7 6. Bg5 Ne7 7. Be2 h6 8. Be3 Ng6
9. O-O Be7 10. h3 O-O 11. b3 b5 12. b4 Nc6 13. Na3 a6 14. Nc2 a5 15. a3 axb4
16. axb4 Qc7 17. Rxa8 Rxa8 18. g3 f6 19. h4 fxe5 20. Nxe5 Ncxe5 21. dxe5 Nxe5
22. Bd4 Bf6 23. Qd2 Rf8 24. Kh1 Nc6 25. Bxf6 Rxf6 26. Na3 Ne7 27. Kg1 e5 28.
Nc2 Bc6 29. Ra1 e4 30. Qd4 Qd7 31. Ra7 Qf5 32. Rxe7 e3 33. Qxe3 Rf7 34. Re8+
Bxe8 35. Nd4 Qd7 0-1

[Event "Junior Online 4NCL Division 4"]
[Site "online"]
[Date "2020.04.23"]
[Round "2.43"]
[White "Bhat, Advay"]
[Black "Golding, James"]
[Result "1-0"]
[WhiteElo "1360"]
[BlackElo "1337"]
[PlyCount "93"]
[EventDate "2020.04.23"]
[WhiteTeam "Uxbridge Juniors A"]
[BlackTeam "Robin Hoods 2"]

1. e4 e5 2. Nf3 Nc6 3. Bb5 Nf6 4. Nc3 Bb4 5. a3 Bxc3 6. dxc3 a6 7. Bxc6 bxc6 8.
Nxe5 Qe7 9. Nf3 Qxe4+ 10. Be3 d5 11. O-O O-O 12. Re1 Qg6 13. Nh4 Qh5 14. Qxh5
Nxh5 15. Nf3 Bf5 16. Nd4 Bd7 17. Re2 Bg4 18. f3 Bd7 19. Rae1 Nf6 20. Bg5 Ne8
21. Be7 Nd6 22. Bxf8 Kxf8 23. b3 c5 24. h4 cxd4 25. cxd4 Nf5 26. c3 Nxh4 27.
Re7 Be8 28. Rxc7 g6 29. Rc5 Rb8 30. b4 Nf5 31. Rxd5 Rc8 32. Rde5 Nd6 33. Rc5
Rxc5 34. dxc5 Nc4 35. Kf2 Nxa3 36. Ra1 Nc2 37. Rxa6 Bb5 38. Rb6 Bc4 39. c6 Be6
40. c7 Ke8 41. Rb8+ Kd7 42. c8=Q+ Kd6 43. Qd8+ Ke5 44. Rb5+ Kf4 45. Qd2+ Ne3
46. Qc2 Nxc2 47. g3# 1-0

[Event "Junior Online 4NCL Division 4"]
[Site "online"]
[Date "2020.04.23"]
[Round "2.44"]
[White "Brown, Charlie"]
[Black "Jebananthan, Jeshan"]
[Result "0-1"]
[WhiteElo "1262"]
[BlackElo "1060"]
[PlyCount "56"]
[EventDate "2020.04.23"]
[WhiteTeam "Robin Hoods 2"]
[BlackTeam "Uxbridge Juniors A"]

1. e4 e5 2. Bc4 Nc6 3. Nc3 Bc5 4. Nd5 Nf6 5. Nf3 O-O 6. O-O d6 7. d3 h6 8. b3
Bg4 9. h3 Bh5 10. Bd2 a6 11. Qe2 b5 12. b4 Bd4 13. Nxd4 Nxd4 14. Qe1 bxc4 15.
Nxf6+ Qxf6 16. f4 Nxc2 17. Qc1 Nxa1 18. Qxa1 Be2 19. Re1 Bxd3 20. Bc3 Bxe4 21.
Rxe4 Qf5 22. Rxc4 Rfe8 23. Rxc7 exf4 24. Qd1 f3 25. Qd4 f6 26. g4 Qc2 27. Kf1
Qe2+ 28. Kg1 Qg2# 0-1

[Event "Junior Online 4NCL Division 4"]
[Site "online"]
[Date "2020.04.23"]
[Round "2.45"]
[White "Walker, Daniel"]
[Black "Gauri, Dhairye"]
[Result "1-0"]
[WhiteElo "1382"]
[BlackElo "1435"]
[PlyCount "61"]
[EventDate "2020.04.23"]
[WhiteTeam "Robin Hoods 2"]
[BlackTeam "Uxbridge Juniors A"]

1. e4 e5 2. Nc3 Nf6 3. f4 Nc6 4. fxe5 Nxe5 5. d4 Nc4 6. Bxc4 Bb4 7. Qe2 Bxc3+
8. bxc3 O-O 9. Nf3 Re8 10. e5 d5 11. Bb3 Bg4 12. O-O Ne4 13. Qd3 Bf5 14. Qe3 f6
15. Nd2 Nxd2 16. Bxd2 Qd7 17. Qf4 Bg6 18. Rae1 Be4 19. Qxe4 Kh8 20. Bxd5 c6 21.
Bc4 b5 22. Bd3 g6 23. Qh4 Qg7 24. exf6 Qf7 25. Re7 Rxe7 26. fxe7 Qe8 27. Qf6+
Kg8 28. Bh6 Qxe7 29. Qxe7 Kh8 30. Qf8+ Rxf8 31. Rxf8# 1-0

[Event "Junior Online 4NCL Division 4"]
[Site "online"]
[Date "2020.04.23"]
[Round "2.46"]
[White "Knight, Samuel"]
[Black "Wood, Ethan"]
[Result "0-1"]
[WhiteElo "1382"]
[BlackElo "1352"]
[PlyCount "130"]
[EventDate "2020.04.23"]
[WhiteTeam "Uxbridge Juniors A"]
[BlackTeam "Robin Hoods 2"]

1. d4 d5 2. Bf4 Nc6 3. e3 e6 4. Bd3 Nf6 5. Nf3 Bd6 6. Bg3 Bxg3 7. hxg3 O-O 8.
c3 Qd6 9. Bc2 e5 10. dxe5 Nxe5 11. Nxe5 Qxe5 12. Qd3 Bf5 13. Qxf5 Qxf5 14. Bxf5
g6 15. Bd3 Rad8 16. Nd2 a5 17. a3 b6 18. b4 axb4 19. axb4 Ra8 20. O-O Rad8 21.
Ra7 c6 22. Ra6 Nd7 23. Be2 Ra8 24. Rfa1 Rab8 25. Bg4 f5 26. Be2 c5 27. bxc5
Nxc5 28. R6a3 Rfd8 29. g4 Rf8 30. gxf5 Rxf5 31. c4 Rbf8 32. cxd5 Rxf2 33. Re1
g5 34. d6 g4 35. Ra2 h5 36. Nc4 b5 37. Na3 h4 38. Bc4+ bxc4 39. Rxf2 Rxf2 40.
Kxf2 Nd3+ 41. Ke2 Nxe1 42. Kxe1 Kf8 43. Nxc4 Ke8 44. e4 Kd7 45. e5 h3 46. Kf2
h2 47. Nb6+ Kd8 48. e6 h1=Q 49. d7 Qh4+ 50. Kg1 Qe1+ 51. Kh2 Qxe6 52. g3 Qxb6
53. Kg2 Qc6+ 54. Kf2 Qxd7 55. Ke3 Qe6+ 56. Kf4 Qc4+ 57. Kg5 Ke7 58. Kf5 Kd6 59.
Kf6 Qd5 60. Kg6 Qe5 61. Kf7 Qe6+ 62. Kf8 Qe7+ 63. Kg8 Ke6 64. Kh8 Kf6 65. Kg8
Qg7# 0-1

[Event "Junior Online 4NCL Division 4"]
[Site "online"]
[Date "2020.04.23"]
[Round "2.47"]
[White "Golding, James"]
[Black "Bhat, Advay"]
[Result "0-1"]
[WhiteElo "1337"]
[BlackElo "1360"]
[PlyCount "178"]
[EventDate "2020.04.23"]
[WhiteTeam "Robin Hoods 2"]
[BlackTeam "Uxbridge Juniors A"]

1. e4 e5 2. f4 d6 3. Nf3 Nc6 4. Nc3 Bg4 5. h3 Bxf3 6. Qxf3 Nd4 7. Qd3 Nf6 8.
Be2 c5 9. O-O exf4 10. Rxf4 a6 11. b4 b5 12. bxc5 dxc5 13. Rf1 c4 14. Qe3 Nxc2
15. Qf3 Nd4 16. Qf2 Nxe2+ 17. Qxe2 Bc5+ 18. Kh1 O-O 19. e5 Nd5 20. Nxd5 Qxd5
21. Bb2 Rae8 22. Qg4 g6 23. Qf4 Qe6 24. Rae1 f5 25. Qg3 Rd8 26. Qg5 Rfe8 27.
Qf6 Qxf6 28. exf6 Rxe1 29. Rxe1 Rxd2 30. Re8+ Kf7 31. Rc8 Rxb2 32. Rxc5 Kxf6
33. Rc6+ Ke5 34. Rxa6 Rb1+ 35. Kh2 c3 36. Rc6 Kd4 37. a4 Kd3 38. axb5 Rxb5 39.
h4 Rb1 40. g3 c2 41. Kh3 c1=Q 42. Rxc1 Rxc1 43. g4 Rh1+ 44. Kg3 fxg4 45. Kxg4
Rg1+ 46. Kh3 Ke3 47. h5 gxh5 48. Kh4 Rh1+ 49. Kg5 h4 50. Kg4 h3 51. Kg3 Ke2 52.
Kg4 Kf2 53. Kh4 h2 54. Kh3 Ra1 55. Kxh2 Ra7 56. Kh3 Ra6 57. Kh4 Ra5 58. Kg4 Ke3
59. Kh4 Kf4 60. Kh3 h5 61. Kh4 Kf3 62. Kh3 Ra4 63. Kh2 h4 64. Kh3 Kf2 65. Kh2
Ra3 66. Kh1 Ra1+ 67. Kh2 Ra3 68. Kh1 Re3 69. Kh2 h3 70. Kh1 Ke1 71. Kh2 Rf3 72.
Kh1 Rf2 73. Kg1 Rf1+ 74. Kh2 Rf3 75. Kh1 Rf2 76. Kg1 h2+ 77. Kh1 Rf1+ 78. Kxh2
Ke2 79. Kg3 Ke3 80. Kg4 Rf3 81. Kg5 Rf4 82. Kg6 Ke4 83. Kg5 Kf3 84. Kg6 Kg4 85.
Kg7 Kg5 86. Kh7 Rf6 87. Kg7 Kf5 88. Kg8 Kg6 89. Kh8 Rf8# 0-1

[Event "Junior Online 4NCL Division 4"]
[Site "online"]
[Date "2020.04.23"]
[Round "2.48"]
[White "Jebananthan, Jeshan"]
[Black "Brown, Charlie"]
[Result "1-0"]
[WhiteElo "1060"]
[BlackElo "1262"]
[PlyCount "73"]
[EventDate "2020.04.23"]
[WhiteTeam "Uxbridge Juniors A"]
[BlackTeam "Robin Hoods 2"]

1. e4 e5 2. Nf3 Nf6 3. Bc4 Nxe4 4. d3 Nf6 5. Nxe5 Qe7 6. Qe2 Ng4 7. Nxg4 Qxe2+
8. Kxe2 d5 9. Bxd5 Bxg4+ 10. Ke1 c6 11. Bb3 Nd7 12. Nc3 Nc5 13. Bc4 Bd6 14. d4
Nd7 15. Ne4 O-O 16. Nxd6 b5 17. Bb3 Rad8 18. Bg5 Nf6 19. Bxf6 gxf6 20. Nb7 Rb8
21. Nd6 Rfd8 22. Bxf7+ Kf8 23. Ne4 Kxf7 24. h3 Re8 25. f3 Bf5 26. Kd1 Bxe4 27.
fxe4 Rxe4 28. Rf1 Rxd4+ 29. Ke2 Re8+ 30. Kf3 Ree4 31. g4 Rf4+ 32. Ke3 Rfe4+ 33.
Kf3 Rf4+ 34. Ke3 Ke6 35. Rxf4 Rxf4 36. Kxf4 c5 37. Re1+ 1-0

[Event "Junior Online 4NCL Division 4"]
[Site "online"]
[Date "2020.04.23"]
[Round "2.51"]
[White "Alexander, Ryan"]
[Black "Asryan, Kagik"]
[Result "0-1"]
[WhiteElo "1352"]
[BlackElo "1345"]
[PlyCount "96"]
[EventDate "2020.04.23"]
[WhiteTeam "Warwickshire Bears D"]
[BlackTeam "Harrow Juniors C"]

1. e4 e5 2. Nf3 Nc6 3. Bc4 Bc5 4. c3 Nf6 5. d4 Bd6 6. dxe5 Nxe5 7. Nxe5 Bxe5 8.
Bg5 h6 9. Bxf6 Qxf6 10. O-O O-O 11. Nd2 c6 12. Nf3 Bc7 13. Re1 d6 14. Bb3 Bg4
15. Qd3 Rad8 16. Bc2 Bxf3 17. e5 Qg6 18. Qxg6 fxg6 19. gxf3 dxe5 20. Bxg6 Rd2
21. Rab1 Bb6 22. Rf1 Rxf3 23. Bh5 Rf5 24. Bg6 Rg5+ 25. Kh1 Rxg6 26. Rg1 Rxg1+
27. Rxg1 Rxb2 28. Kg2 Rxf2+ 29. Kh1 Rxa2 30. h4 Bxg1 31. Kxg1 a5 32. Kf1 Rc2
33. Ke1 a4 34. Kd1 Rxc3 35. Kd2 Rb3 36. Kc2 Kf7 37. h5 Kf6 38. Kc1 Kg5 39. Kc2
Kxh5 40. Kc1 Kg4 41. Kc2 h5 42. Kc1 h4 43. Kc2 h3 44. Kc1 h2 45. Kd2 Rg3 46.
Ke2 h1=Q 47. Kf2 Qh2+ 48. Kf1 Rg1# 0-1

[Event "Junior Online 4NCL Division 4"]
[Site "online"]
[Date "2020.04.23"]
[Round "2.52"]
[White "Paul, Alexandre"]
[Black "Vaidyanathan, Adithya"]
[Result "0-1"]
[WhiteElo "1352"]
[BlackElo "1315"]
[PlyCount "120"]
[EventDate "2020.04.23"]
[WhiteTeam "Harrow Juniors C"]
[BlackTeam "Warwickshire Bears D"]

1. e4 c5 2. Nc3 b6 3. Bc4 Bb7 4. d3 e5 5. Nd5 Nf6 6. Bg5 Be7 7. Nf3 Nxd5 8.
Nxe5 Bxg5 9. Qf3 Qf6 10. Qg3 O-O 11. exd5 Re8 12. d4 cxd4 13. O-O Rxe5 14. Rfe1
Rxe1+ 15. Rxe1 h6 16. Re8+ Kh7 17. Bd3+ g6 18. h4 Qf4 19. Qh3 Qxh4 20. Qf3 Qf4
21. Qh3 Bh4 22. g3 Qc1+ 23. Kg2 Bxd5+ 24. f3 Qd2+ 25. Re2 Qg5 26. g4 Be6 27.
Be4 Nc6 28. Rf2 d5 29. Bd3 Ne5 30. f4 Qxg4+ 31. Qxg4 Bxg4 32. fxe5 Bxf2 33.
Kxf2 Re8 34. Kg3 Bf5 35. Bxf5 gxf5 36. Kf4 Kg6 37. a4 f6 38. exf6 Re4+ 39. Kf3
Kxf6 40. Kg3 d3 41. cxd3 Rxa4 42. Kf3 h5 43. Ke3 Ra2 44. b3 Ra3 45. b4 Rb3 46.
Kd4 Rxb4+ 47. Ke3 d4+ 48. Kd2 Rb2+ 49. Kc1 Rb3 50. Kd2 a5 51. Kc2 a4 52. Kc1 b5
53. Kc2 b4 54. Kc1 Rxd3 55. Kc2 Rc3+ 56. Kd2 d3 57. Kd1 Rc2 58. Ke1 b3 59. Kf1
b2 60. Kg1 b1=R# 0-1

[Event "Junior Online 4NCL Division 4"]
[Site "online"]
[Date "2020.04.23"]
[Round "2.53"]
[White "Vaidyanathan, Sathya"]
[Black "Evans, Daniel"]
[Result "1/2-1/2"]
[WhiteElo "1292"]
[BlackElo "1270"]
[PlyCount "46"]
[EventDate "2020.04.23"]
[WhiteTeam "Warwickshire Bears D"]
[BlackTeam "Harrow Juniors C"]

1. e4 c5 2. Bc4 e6 3. Nf3 d6 4. Nc3 Nc6 5. d3 Nf6 6. Bg5 Be7 7. Qd2 a6 8. a3
Bd7 9. h3 b5 10. Ba2 b4 11. axb4 cxb4 12. Ne2 a5 13. Bc4 a4 14. Bb5 b3 15. c3
Nb8 16. Bxd7+ Nbxd7 17. c4 O-O 18. O-O Nc5 19. Qc3 e5 20. Nh4 Qa5 21. Qxa5 Rxa5
22. Rfd1 Ra7 23. Nf5 Re8 1/2-1/2